000 01001nam a22002297a 4500
999 _c21694
_d21694
003 AR-CdUCM
008 190425b ||||| |||| 00| 0 spa d
040 _aMUNICIPALIDAD PROVINCIAL DEL CUSCO
_cBIBLIOTECA MUNICIPAL DEL CUSCO
082 _aRev.Univ/N°17/1916
_bRev.Univ/N°17/1916
110 _aUniversidad Nacional de San Antonio Abad del Cusco
_915942
245 _aRevista Universitaria :
_bÓrgano de la Universidad del Cuzco /
260 _aCusco :
_bEl Trabajo,
_csetiembre 1916.
300 _a52 páginas. :
_c20 cm.
440 _aRevista Universitaria
_nAño V, setiembre 1916, N°17
_945799
505 _aContenido: Las dramas quechuas Usca Pauccar. José Gabriel Cosio. -- La propiedad colectiva del Ayllu. Félix Cosio. -- Fitografía departamental. Fortunato L. Herrera
650 _aLiteratura Quechua
_97789
650 _aFitografía
_945800
650 _aSiglo XX
_945791
710 _aUniversidad Nacional de San Antonio Abad del Cusco
_915942
942 _2ddc
_cPP
945 _arac